| 000 | 00970nam a22002297a 4500 | ||
|---|---|---|---|
| 999 |
_c63769 _d63769 |
||
| 005 | 20240530110658.0 | ||
| 008 | 171217s2015 ua g 000 0dara d | ||
| 017 |
_a2015/21077 _bمصر. دار الكتب |
||
| 020 | _a9789777950190 | ||
| 040 |
_aEG-CaGPL _cEG-CaGPL |
||
| 082 | 0 | 4 |
_221 _a189.13 _bق/م م |
| 100 | 1 | _aالمقريزى ، تقي الدين احمد بن على بن عبدالقادر | |
| 245 | 1 | 0 |
_aمذاهب اهل مصر وعقائدهم الى ان انتشر مذهب الاشعرية / _cتقي الدين احمد بن على بن عبدالقادر المقريزى ؛ قابله باصوله و اعده للنشر ايمن فؤاد سيد . |
| 250 | _aط.1 | ||
| 260 |
_aالقاهرة : _c2016 . |
||
| 300 |
_a176 ص. ؛ _c24 سم. |
||
| 650 | 0 | 7 |
_2qrmak _aعلم الكلام |
| 650 | 0 | 7 |
_2qrmak _aالفقه الاسلامى _xمذاهب |
| 651 | _2qrmak | ||
| 942 |
_2ddc _cBK |
||